| 000 | 00357cam a2200145ua 4500 | ||
|---|---|---|---|
| 041 |
_aeng _h |
||
| 082 |
_a821 _bBRO/PO |
||
| 100 | _aBrowning, Robert . | ||
| 245 |
_aPoems and plays / _cRobert browning. _hTextual Documents |
||
| 260 |
_aLondon : _bJ M Dent and Sons Ltd , _c1956. |
||
| 300 | _a560 ; . | ||
| 504 | _a | ||
| 942 | _cBK | ||
| 999 |
_c5166 _d5166 |
||